| 000 | 00640 a2200169 4500 | ||
|---|---|---|---|
| 020 | _a0521633303 | ||
| 020 | _a9780521633307 | ||
| 082 | 0 | 4 | _a515.353 |
| 090 |
_c249 _d249 |
||
| 100 | 1 | _aSerre, Denis. | |
| 245 | 1 | 0 |
_aSystems of conservation laws 2 : _bgeometric structures, oscillations, and initial-boundary value problems / _cDenis Serre, I. N. Sneddon. |
| 260 |
_a[S.l.] : _bCambridge University Press, _c2000. |
||
| 300 |
_a281 p. ; _c25 cm. |
||
| 700 | 1 | _aSneddon, I. N. | |
| 942 |
_aSNS _cBK _k515.353 SER |
||
| 999 |
_c28884 _d28884 |
||